000 00724nam a2200241Ia 4500
003 GCL
008 140319s9999 xx 000 0 ara d
040 _aGCL /
_cGCL
082 0 4 _a350.1
_bم ت
100 1 _aحسين رمزى كاظم
245 1 0 _aالادارة والمجتمع المصرى /
_cحسين رمزى كاظم
260 _a[S.N] :
_bالهيئة المصرية العامة للكتاب ،
_c1993
300 _a196 ص
490 _a
650 0 4 _aمصر
650 0 4 _aالمجتمع
650 0 4 _aالادارة المحلية
650 0 4 _aالاجتماع
650 0 4 _aالادارة العامة
650 0 4 _aالقادة
650 0 4 _aالمشاكل الادارية
942 _2ddc
_cBK
999 _c28598
_d28598